| 000 | 00519cam a2200193ua 4500 | ||
|---|---|---|---|
| 020 | _c16.50 | ||
| 041 |
_aeng _h |
||
| 082 |
_a028.73491 _bPUR/NA |
||
| 100 | _aPurushotham Narain, Agarwala . | ||
| 245 |
_aNalanda current dictionary / _cPurushotham narain agarwala. _hTextual Documents |
||
| 250 |
_a1 / _b. |
||
| 260 |
_aPatna : _bScientific Books Publisher INC , _c1958. |
||
| 300 | _a1335 ; . | ||
| 365 | _a16.50 | ||
| 504 | _a | ||
| 700 | 1 | _aKhub, Ram Jajoria . | |
| 942 | _cBK | ||
| 999 |
_c9129 _d9129 |
||